| 000 | 00764nam a22001937a 4500 | ||
|---|---|---|---|
| 008 | 151107b xxu||||| |||| 00| 0 eng d | ||
| 020 | _a978-971-23-6725-0 | ||
| 082 |
_aDFil 338.4791 _bC11p |
||
| 100 |
_9330 _aCabulay, Danny Araneta |
||
| 245 |
_aPhilippine tourism laws: _ba comprehensive guide to studying laws relevant to the Philippine tourism industry/ _cDanny Araneta Cabulay and Christine Palafox Carpio-Aldeguer |
||
| 250 | _aSecond edition | ||
| 260 |
_aManila: _bRex Book Store; _cc2014. |
||
| 300 |
_axi, 397 pages; _c25 cm. |
||
| 500 | _aIncludes bibliographical references and index. | ||
| 650 | 0 |
_9334 _aTourism _xLaw and legislations _zPhilippines |
|
| 700 |
_9332 _aCarpio-Aldeguer, Christine Palafox |
||
| 365 |
_b1,115.40 _cPHP. |
||
| 942 |
_2ddc _cDFIL |
||
| 999 |
_c195 _d195 |
||